000 00630cam a22002173a 4500
001 45441
003 PGUSA
005 20140828084042.0
008 140420s2014||||xxu|||||s|||||000 | eng d
040 _aPGUSA
_beng
042 _adc
100 1 _aBates, Katharine Lee,
_d1859-1929
245 1 0 _aIn Sunny Spain with Pilarica and Rafael
_h[electronic resource] /
_cKatharine Lee Bates
260 _bProject Gutenberg,
_c2014
506 _aPublic domain in the USA.
516 _aElectronic text
700 1 _aBeard, Alice
830 0 _aProject Gutenberg
_v45441
856 4 0 _uhttp://www.gutenberg.org/ebooks/45441
942 _cEB
999 _c274692
_d274692